Applied discourse analysis : (Record no. 4422)

MARC details
000 -LEADER
fixed length control field 01419cam a2200205 a 4500
020 ## - INTERNATIONAL STANDARD BOOK NUMBER
ISBN 0335202276
020 ## - INTERNATIONAL STANDARD BOOK NUMBER
ISBN 0335202268 (pbk.)
022 ## - INTERNATIONAL STANDARD SERIAL NUMBER
ISSN 9780335202263
050 00 - CALL NUMBER
Classification number BF636
Item number .A595
100 ## - AUTHOR
Personal name Carla Willig
245 00 - TITLE
Title Applied discourse analysis :
Remainder of title social and psychological interventions /
Statement of responsibility, etc edited by Carla Willig.
260 ## - PUBLICATION INFORMATION
Place of publication Buckingham ;
-- Philadelphia :
Name of publisher Open University Press,
Year of publication 1999.
300 ## - DESCRIPTION
Number of Pages viii, 166 p. ;
Dimensions 23 cm.
500 ## - NOTES
General note Includes bibliographical references and index
505 ## - FORMATTED CONTENTS NOTE
Table of Content 1. Introduction: making a difference / Carla Willig <br/>2. Stress as regimen: critical readings of self-help literature / Steven D. Brown<br/>3. 'It's your opportunity to be truthful': disbelief, mundane reasoning and the investigation of crime / Timothy Auburn, Susan Lea and Susan Drake <br/>4. An analysis of the discursive positions of women smokers: implications for practical interventions / Val Gillies <br/>5. Deconstructing and reconstructing: producing a reading on 'human reproductive technologies' / Joan Pujol <br/>6. Discourse analysis and sex education / Carla Willig <br/>7. Tablet talk and depot discourse: discourse analysis and psychiatric medication / David Harper <br/>8. Conclusion: opportunities and limitations of 'applied discourse analysis' / Carla Willig.
650 #0 - SUBJECTS
Topical Term Psychology, Applied
General subdivision Research
-- Methodology.
650 #0 - SUBJECTS
Topical Term Discourse analysis.
700 1# - OTHER AUTHORS
Personal name Willig, Carla,
942 ## - ADDED ENTRY ELEMENTS (KOHA)
Koha item type Books
Holdings
Withdrawn status Lost status Collection code Home library Current library Shelving location Date acquired Full call number Accession Number Koha item type
    Reference Methodist University Library Main Methodist University Library Main General Stacks 13/12/1999 BF636 .A595 16497 Books
Copyright © 2026  MUG Library